000 002630000a22000970004500
100 1 _aKessler, Rainer
245 1 0 _aDie angeblichen kornhändler von Amos 8:4-7
300 _aVol. 39, Num. 1 (Enero, 1989), Páginas 13-22
773 0 _tVetus Testamentum
942 _cANA
999 _c57454
_d57454